000 00969nac a22002891i 4500
003 EG-ScBUE
005 20250121095806.0
008 250121s1986 enk f 000 0 eng d
020 _a008016739X
040 _aEG-ScBUE
_beng
_erda
_cEG-ScBUE
_dEG-ScBUE
082 0 4 _a530
_bLAN
_222
100 1 _aLandau, L. D.,
_eauthor.
245 1 2 _aQuantum mechanics /
_nby L.D. Landau and E.M. Lifshitz.
264 1 _aOxford ;
_aNew York :
_bPergamon Press,
_c[1986]
300 _a369 pages ;
_c22 cm
336 _2rdacontent
_atext
_btxt
337 _aunmediated
_2rdamedia
_bn
338 _avolume
_bnc
_2rdacarrier
490 0 _aA shorter course of theoretical physics ;
_vvolume 2
650 7 _aPhysics.
_2BUEsh
650 7 _aMechanics.
_2BUEsh
650 7 _aQuantum theory.
_2BUEsh
655 _vReading book
700 1 _aLifshitï¸ s︡, E. M.
_q(Evgeniĭ Mikhaĭlovich),
_eauthor.
942 _cBB
_2ddc
999 _c1796
_d1796